<?xml version="1.0" encoding="UTF-8"?>
<record
    xmlns:xsi="http://www.w3.org/2001/XMLSchema-instance"
    xsi:schemaLocation="http://www.loc.gov/MARC21/slim http://www.loc.gov/standards/marcxml/schema/MARC21slim.xsd"
    xmlns="http://www.loc.gov/MARC21/slim">

  <leader>01327nam a2200301 i 4500</leader>
  <controlfield tag="001">185057</controlfield>
  <controlfield tag="003">ES-MaACL</controlfield>
  <controlfield tag="005">20260616174620.0</controlfield>
  <controlfield tag="008">160314s1996    sp c         |||| | spa d</controlfield>
  <datafield tag="020" ind1=" " ind2=" ">
    <subfield code="a">84-921604-0-3</subfield>
  </datafield>
  <datafield tag="080" ind1=" " ind2=" ">
    <subfield code="a">821.112.2 J&#xFC;nger, Ernst 1.07</subfield>
  </datafield>
  <datafield tag="245" ind1="0" ind2="0">
    <subfield code="a">Junto a J&#xFC;nger /</subfield>
    <subfield code="c">Vicenzo Vitiello, F&#xE9;lix Duque, Jorge Alem&#xE1;n-Sergio Larriera, Andr&#xE9;s S&#xE1;nchez Pascual ... [et al.] ; edita, Ignacio Castro.</subfield>
  </datafield>
  <datafield tag="260" ind1=" " ind2=" ">
    <subfield code="a">Madrid :</subfield>
    <subfield code="b">Cruce,</subfield>
    <subfield code="c">[1996]</subfield>
  </datafield>
  <datafield tag="300" ind1=" " ind2=" ">
    <subfield code="a">185 p. :</subfield>
    <subfield code="b">1 retr. ;</subfield>
    <subfield code="c">21 cm.</subfield>
  </datafield>
  <datafield tag="505" ind1="8" ind2=" ">
    <subfield code="a">Contiene: ;</subfield>
    <subfield code="t">Escribir con los ojos: J&#xFC;nger en los textos pict&#xF3;ricos nihilistas de Kubin /</subfield>
    <subfield code="r">Jos&#xE9; Luis Molinuevo. --</subfield>
    <subfield code="t">La raz&#xF3;n pr&#xE1;ctica en medio de la depotenciaci&#xF3;n t&#xE9;cnica /</subfield>
    <subfield code="r">Franco Volpi</subfield>
  </datafield>
  <datafield tag="594" ind1=" " ind2=" ">
    <subfield code="a">Recoge el ciclo de conferencias hom&#xF3;nimo. Y 2 textos m&#xE1;s.</subfield>
  </datafield>
  <datafield tag="600" ind1="1" ind2="4">
    <subfield code="a">J&#xFC;nger, Ernst,</subfield>
    <subfield code="d">1895-1998-</subfield>
    <subfield code="x">Cr&#xED;tica e interpretaci&#xF3;n</subfield>
    <subfield code="9">67295</subfield>
  </datafield>
  <datafield tag="700" ind1="1" ind2=" ">
    <subfield code="a">Vitiello, Vincenzo (</subfield>
    <subfield code="d">1935-)</subfield>
    <subfield code="9">159059</subfield>
  </datafield>
  <datafield tag="700" ind1="1" ind2=" ">
    <subfield code="a">Duque, F&#xE9;lix.</subfield>
    <subfield code="9">46147</subfield>
  </datafield>
  <datafield tag="700" ind1="1" ind2=" ">
    <subfield code="a">Alem&#xE1;n, Jorge.</subfield>
    <subfield code="9">19712</subfield>
  </datafield>
  <datafield tag="700" ind1="1" ind2=" ">
    <subfield code="a">Larriera, Sergio.</subfield>
    <subfield code="9">70350</subfield>
  </datafield>
  <datafield tag="700" ind1="1" ind2=" ">
    <subfield code="a">S&#xE1;nchez Pascual, Andr&#xE9;s.</subfield>
    <subfield code="9">102833</subfield>
  </datafield>
  <datafield tag="700" ind1="1" ind2=" ">
    <subfield code="a">Castro, Ignacio,</subfield>
    <subfield code="d">1952-</subfield>
    <subfield code="9">234941</subfield>
  </datafield>
  <datafield tag="700" ind1="1" ind2=" ">
    <subfield code="a">Molinuevo, Jos&#xE9; Luis.</subfield>
    <subfield code="9">82022</subfield>
  </datafield>
  <datafield tag="700" ind1="1" ind2=" ">
    <subfield code="a">Volpi, Franco.</subfield>
    <subfield code="9">115713</subfield>
  </datafield>
  <datafield tag="852" ind1=" " ind2=" ">
    <subfield code="a">ES-MaACL</subfield>
    <subfield code="j">L-30258</subfield>
    <subfield code="z">. - Donat. Miguel A. Velasco</subfield>
  </datafield>
  <datafield tag="999" ind1=" " ind2=" ">
    <subfield code="c">185057</subfield>
    <subfield code="d">185057</subfield>
  </datafield>
  <datafield tag="952" ind1=" " ind2=" ">
    <subfield code="0">0</subfield>
    <subfield code="1">0</subfield>
    <subfield code="4">0</subfield>
    <subfield code="7">0</subfield>
    <subfield code="a">ATENEOM</subfield>
    <subfield code="b">ATENEOM</subfield>
    <subfield code="c">DEPO2</subfield>
    <subfield code="d">2016-03-14</subfield>
    <subfield code="e">DON</subfield>
    <subfield code="l">0</subfield>
    <subfield code="o">L-30258</subfield>
    <subfield code="p">1194925</subfield>
    <subfield code="r">2023-02-23 00:00:00</subfield>
    <subfield code="w">2023-02-23</subfield>
    <subfield code="y">MONOGRAFIA</subfield>
  </datafield>
</record>
